Quantum measurement and control / (رقم التسجيلة. 21697)

تفاصيل مارك
000 -الفاتح
حقل البيانات ثابتة الطول 02990cam a2200361 a 4500
001 - رقم الضبط
رقم الضبط 15871733
003 - محدد رقم الضبط
رقم الضبط OSt
005 - وقت وتاريخ اخر تعامل مع التسجيلة
رقم الضبط 20150408114017.0
008 - عناصر البيانات ثابتة الطول - معلومات عامة
حقل البيانات ثابتة الطول 090818s2010 enka b 001 0 eng
010 ## - رقم ضبط مكتبة الكونجرس
رقم ضبط مكتبة الكونجرس 2009034266
015 ## - رقم الببليوجرافية الوطنية
رقم الببليوجرافية الوطنية GBA984248
المصدر bnb
015 ## - رقم الببليوجرافية الوطنية
رقم الببليوجرافية الوطنية 015-35701
المصدر bnb
016 7# - رقم ضبط الوكاله الوطنية للضبط الببليوجرافي
رقم ضبط التسجيلة 015357015
المصدر Uk
020 ## - الرقم الدولى المعيارى للكتب
الرقم الدولى المعيارى للكتاب 9780521804424 (hardback)
020 ## - الرقم الدولى المعيارى للكتب
الرقم الدولى المعيارى للكتاب 0521804426 (hardback)
035 ## - رقم ضبط النظام
رقم ضبط النظام (OCoLC)ocn434744599
040 ## - مصدر الفهرسة
وكالة الفهرسة الأصلية DLC
وكالة النسخ DLC
وكالة التعديل BWKUK
-- UKM
-- CDX
-- YDXCP
-- BWX
-- GBVCP
-- DLC
050 00 - رقم طلب مكتبة الكونجرس
رقم التصنيف QC174.17.M4
رقم المادة W57 2010
082 00 - رقم تصنيف ديوى العشرى
رقم التصنيف 530.12015
رقم الطبعة 22
100 1# - المدخل الرئيسى - إسم شخصى
الإسم الشخصى Wiseman, H. M.
الشكل الأكمل للاسم (Howard M.)
9 (RLIN) 15424
245 10 - بيان العنوان
العنوان Quantum measurement and control /
بيان المسئوليه,etc Howard M. Wiseman, Gerard J. Milburn.
260 ## - PUBLICATION, DISTRIBUTION, ETC. (IMPRINT)
مكان الناشر او الموزع Cambridge, UK ;
-- New York :
اسم الناشر او الموزع Cambridge University Press,
تاريخ النشر أو التوزيع 2010.
300 ## - الوصف المادى
التعداد xvi, 460 p. :
تفاصيل ماديه اخرى للوعاء ill. ;
أبعاد الوعاء 26 cm.
504 ## - تبصرة ببليوجرافية
تبصرة ببليوجرافية,الخ Includes bibliographical references and index.
505 0# - تبصرة محتويات-الفهرس
تبصرة المحتويات المصاغة Quantum measurement theory -- Quantum parameter estimation -- Open quantum systems -- Quantum trajectories -- Quantum feedback control -- State-based quantum feedback control -- Applications to quantum information processing.
520 ## - التبصرة الخاصة بالتعليق أو التلخيص
ملخص,الخ "The control of individual quantum systems promises a new technology for the 21st century - quantum technology. This book is the first comprehensive treatment of modern quantum measurement and measurement-based quantum control, which are vital elements for realizing quantum technology. Readers are introduced to key experiments and technologies through dozens of recent experiments in cavity QED, quantum optics, mesoscopic electronics, and trapped particles several of which are analyzed in detail. Nearly 300 exercises help build understanding, and prepare readers for research in these exciting areas. This important book will interest graduate students and researchers in quantum information, quantum metrology, quantum control and related fields. Novel topics covered include adaptive measurement; realistic detector models; mesoscopic current detection; Markovian, state-based and optimal feedback; and applications to quantum information processing"--Provided by publisher.
520 ## - التبصرة الخاصة بالتعليق أو التلخيص
ملخص,الخ "To begin, we should make clear that the title of this book is best taken as short-hand for 'Quantum measurements with applications, principally to quantum control'. That is, the reader should be aware that (i) a considerable part of the book concerns quantum measurement theory, and applications other than quantum control; and (ii) the sort of quantum control with which we are concerned is that in which measurement plays an essential role, namely feedback (or feedforward) control of quantum systems"--Provided by publisher.
650 #0 - المدخل الاضافى بالموضوع-مصطلح موضوعى
مصطلح موضوعي أو اسم جغرافي كعنصر مدخل Quantum measure theory.
9 (RLIN) 15425
700 1# - المدخل الاضافى - اسم شخصى
الإسم الشخصى Milburn, G. J.
الشكل الأكمل للاسم (Gerard J.)
9 (RLIN) 15426
856 42 - الوصول و الموقع الالكترونى
مواد محددة Cover image
معرف المصدر الموحد <a href="http://assets.cambridge.org/97805218/04424/cover/9780521804424.jpg">http://assets.cambridge.org/97805218/04424/cover/9780521804424.jpg</a>
942 ## - عناصر المدخل الإضافي( كوها)
مصدر التصنيف او مخطط الترفيف Dewey Decimal Classification
Koha [default] item type كتاب
المقتنيات
حالة الفقد نموذج السعر الفعال حالة تلف ليس للاعارة رقم الطلب تاريخ الاكتساب الموقع الحالي الباركود الفرع الرئيسي Date last seen نوع المادة فى نظام كوها مصدر التصنيف او خطة الترفيف Total Checkouts
  2013-03-10     530.12015 W H Q 2012-06-01 مكتبة كلية التربية بالزلفى - طالبات (EZF) 00087394 مكتبة كلية التربية بالزلفى - طالبات (EZF) 2013-03-10 كتاب Dewey Decimal Classification  
  2013-03-10     530.12015 W H Q 2012-06-01 مكتبة كلية التربية بالزلفى - طالبات (EZF) 00087395 مكتبة كلية التربية بالزلفى - طالبات (EZF) 2013-03-10 كتاب Dewey Decimal Classification  
  2013-03-10     530.12015 W H Q 2012-06-01 مكتبة مجمع الكليات بالزلفى - طلاب (SZM) 00086377 مكتبة مجمع الكليات بالزلفى - طلاب (SZM) 2013-03-10 كتاب Dewey Decimal Classification  
  2013-03-10     530.12015 W H Q 2012-06-01 مكتبة مجمع الكليات بالزلفى - طلاب (SZM) 00086378 مكتبة مجمع الكليات بالزلفى - طلاب (SZM) 2013-03-10 كتاب Dewey Decimal Classification